000 00500nam a2200181Ia 4500
003 OSt
005 20230612102752.0
008 210423s2001 xx 000 0 und d
040 _cAL
041 _aeng
082 _a301.0954 JAYI
_223
100 _aJAYAPALAN (N).
_9117290
245 _aIndian society and social institutions.
260 _aNew Delhi
_bAtlantic Publishers and Distributors
_c2001
365 _b990
_cINR
906 _aIndian ; institutions. ; social ; society
942 _2ddc
_cBK
999 _c173653
_d173653